Statystyki dla Postacie z Władcy Pierścieni

Kliknij tutaj aby rozwiązać quiz!

Ogólne statystyki

  • Ten quiz został rozwiązany 27 razy
    (14 od ostatniego zresetowania)
  • Średni wynik to 19 z 26

Statystyki odpowiedzi

#WskazówkaPostać% Poprawnych
1Nosiciel pierścieniaFrodo
100%
3Szary czarodziejGandalf
100%
5Mroczny władca mordoruSauron
100%
9Prawowity dziedzic GondoruAragorn
92%
2Adopcyjny wujek nr. 1Bilbo
92%
10Członek drużyny (elf)Legolas
92%
6Najlepszy przyjaciel nr. 1Sam
92%
16Zły biały czarodziejSaruman
92%
12Członek drużyny (mężczyzna)Boromir
85%
17Władca RivendellElrond
85%
11Członek drużyny (krasnolud)Gimli
85%
7Kuzyn i towarzysz nr. 1Merry
85%
14Właściciel pierścienia przed nr. 2Gollum
77%
8Kuzyn i towarzysz nr. 1Pippin
77%
13Młodszy brat nr. 12Faramir
69%
18Kobieta, współwładczyni LothlorienGaladriela
62%
22Córka nr. 17; miłość nr. 9Arwena
54%
20Demon walczący z nr. 3 w MoriiBalrog
54%
15Dawna nazwa nr. 14Smeagol
54%
23Gigantyczny pająk atakujący nr. 1Szeloba
54%
24Król RohanuTheoden
54%
4Koń nr. 3Cienistogrzywy
46%
25Sługa Sarumana; zatrówacz umysłu nr. 24Grima
46%
26Ojciec nr. 12, 13Denethor
38%
21Przywódca entówDrzewiec
38%
19Mężczyzna, współwładca LothlorienCeleborn
31%

Rozkład punktacji

Percentyl według liczby udzielonych odpowiedzi

Procent ludzi z każdym wynikiem

Twoja historia wyników

Nie rozwiązałeś tego quizu od ostatniego zresetowania